000 01623nam a22003137a 4500
001 ENG-90647
005 20070919114922.0
008 080730t xxu||||| |||| 00| 0 eng d
010 _aENG-90647
020 _a9780761935759 (paper back)
_c270.00
035 _aEN-74180
037 _bDBAD / PUB
040 _aDPL
082 _a362.87
100 _aHussain, Monirul,
245 _aInterrogating development :
_bstate, displacement and popular resistance in North East India /
_cby Monirul Hussain.
260 _aNew Delhi
_bSAGE Publications,
_c2008
300 _a174p.
_c21 cm.(pbk)
490 _aSage series on North East India ; 1
500 _aIncludes bibliographical references and index.
505 _aIntroduction -- Imposing development : introducing the incomplete dossier of displacement -- Hard hitting reality : development-induced displacement of population in post-colonial Assam -- Dam, development, and displacement in North East India : resistance from the threatened -- Conclusion: New politics of development : interface between the state and the people.
650 _aInternally displaced persons
_zIndia
_zAssam
_xSocial conditions.
650 _aEthnic conflict
_zIndia
_zAssam.
651 _aAssam (India)
_xSocial conditions.
651 _aIndia, Northeastern
_xEthnic relations.
942 _2ddc
_cEN
_h362.87
_mHUS
999 _c14687
_d14687